Underwood's pathology : (Record no. 99063)

MARC details
000 -LEADER
fixed length control field 00836nam a22002657a 4500
003 - CONTROL NUMBER IDENTIFIER
control field URS
005 - DATE AND TIME OF LATEST TRANSACTION
control field 20260406165556.0
008 - FIXED-LENGTH DATA ELEMENTS--GENERAL INFORMATION
fixed length control field
020 ## - INTERNATIONAL STANDARD BOOK NUMBER
International Standard Book Number 978-0-44311-699-5
040 ## - CATALOGING SOURCE
Language of cataloging English
Description conventions rda
Transcribing agency URS
050 00 - LIBRARY OF CONGRESS CALL NUMBER
Classification number RB25
Item number .Un25 2025
130 0# - MAIN ENTRY--UNIFORM TITLE
Uniform title General and systematic pathology
245 10 - TITLE STATEMENT
Title Underwood's pathology :
Remainder of title a clinical approach /
Statement of responsibility, etc edited by Simon S. Cross, MD, FRCPath.
246 30 - VARYING FORM OF TITLE
Title proper/short title Pathology
250 ## - EDITION STATEMENT
Edition statement Eight edition.
264 #1 - PUBLICATION, DISTRIBUTION, ETC. (IMPRINT)
Place of publication, distribution, etc Edinburgh :
Name of publisher, distributor, etc Churchill Livingstone :
-- Elsevier,
Date of publication, distribution, etc ©2025.
300 ## - PHYSICAL DESCRIPTION
Extent xviii, 756 pages :
Other physical details color illustrations ;
Dimensions 28 cm.
336 ## - CONTENT TYPE
Content type term text
Content type code txt
Source rdacontent
337 ## - MEDIA TYPE
Media type term unmediated
Media type code n
Source rdamedia
338 ## - CARRIER TYPE
Carrier type term volume
Carrier type code nc
Source rdacarrier
504 ## - BIBLIOGRAPHY, ETC. NOTE
Bibliography, etc Includes bibliographical references and index.
650 #0 - SUBJECT ADDED ENTRY--TOPICAL TERM
Topical term or geographic name as entry element Pathology.
700 1# - ADDED ENTRY--PERSONAL NAME
Personal name Cross, Simon S.,
Relator term editor.
942 ## - ADDED ENTRY ELEMENTS (KOHA)
Source of classification or shelving scheme Library of Congress Classification
Koha item type Reserved Books
Holdings
Withdrawn status Lost status Source of classification or shelving scheme Damaged status Not for loan Collection code Home library Current library Shelving location Date acquired Source of acquisition Cost, normal purchase price Total Checkouts Full call number Barcode Date last seen Copy number Cost, replacement price Price effective from Koha item type
    Library of Congress Classification     Non-fiction Taytay College Library Taytay College Library Medicine Collection 03/15/2026 Purchased 6207.00   RB25 .Un25 2025 URSTAY-6063 03/15/2026 1 6207.00 03/15/2026 Reserved Books

University of Rizal System
Email us at univlibservices@urs.edu.ph

Visit our Website www.urs.edu.ph/library